Hatcheries with special reference to Souza Hatcheries (Record no. 230032)
[ view plain ]
| 000 -LEADER | |
|---|---|
| fixed length control field | 00383nam a22001457a 4500 |
| 005 - DATE AND TIME OF LATEST TRANSACTION | |
| control field | 20240306144857.0 |
| 008 - FIXED-LENGTH DATA ELEMENTS--GENERAL INFORMATION | |
| fixed length control field | 240305b ||||| |||| 00| 0 eng d |
| 040 ## - CATALOGING SOURCE | |
| Transcribing agency | AL |
| 041 ## - LANGUAGE CODE | |
| Language code of text/sound track or separate title | English |
| 082 ## - DEWEY DECIMAL CLASSIFICATION NUMBER | |
| Edition number | 23 |
| Classification number | 636.5 |
| Item number | HATC |
| 100 ## - MAIN ENTRY--PERSONAL NAME | |
| Personal name | - |
| 100 ## - MAIN ENTRY--PERSONAL NAME | |
| 9 (RLIN) | 153262 |
| 245 ## - TITLE STATEMENT | |
| Title | Hatcheries with special reference to Souza Hatcheries |
| 260 ## - PUBLICATION, DISTRIBUTION, ETC. | |
| Place of publication, distribution, etc. | Mangalore |
| Name of publisher, distributor, etc. | St.Aloysious College |
| 942 ## - ADDED ENTRY ELEMENTS (KOHA) | |
| Source of classification or shelving scheme | Dewey Decimal Classification |
| Koha item type | Project Report |
| Withdrawn status | Lost status | Source of classification or shelving scheme | Damaged status | Not for loan | Collection code | Home library | Current library | Date acquired | Total Checkouts | Full call number | Barcode | Date last seen | Price effective from | Koha item type |
|---|---|---|---|---|---|---|---|---|---|---|---|---|---|---|
| Dewey Decimal Classification | Not for loan | General | St Aloysius Library | St Aloysius Library | 03/05/2024 | 636.5 HATC | D00180 | 03/05/2024 | 03/05/2024 | Project Report |